Представление документа в формате RUSMARC

Поле Инд. ПП Название Значение
Тип записи a
Библиографический уровень a
001 Контрольный номер 29b68c3509574eee8d14d13b22ff7daa
005 Дата корректировки 20181120134530.4
100 a Данные общей обработки 20180924 ||| 0rusy0189 ca
101 0_ a Язык текста rus
102 a Страна публикации RU
200 1_ f Первые сведения об ответственности В.В. Степанов
a Заглавие Процессуальные формы, опосредующие защиту прав сообщества собственников помещений в многоквартирном доме
b Общее обозначение материала Текст
210 d Дата издания 2018
461 _0 1 2000
a Арбитражный и гражданский процесс
463 _0 1 2000
a №8
v С. 23-27
1 2101
d 2018
1 0016a2ac82ed1b04df9acac32d8ca2f91ee
606 a Основная рубрика Гражданское процессуальное право
610 0_ a Ключевые слова ЖИЛИЩНОЕ ПРАВО
a Ключевые слова ПРАВО СОБСТВЕННОСТИ
a Ключевые слова УПРАВЛЕНИЕ МНОГОКВАРТИРНЫМИ ДОМАМИ
a Ключевые слова ИСКИ
a Ключевые слова ЖИЛИЩНЫЕ СПОРЫ
a Ключевые слова ЗАЩИТА ПРАВ И СВОБОД
a Ключевые слова УЧАСТНИКИ ПРОЦЕССА
700 _1 a Фамилия Степанов
b Имя В.В.
801 _0 a Страна RU
b Организация РГУП
c Дата составления 20180924
g Правила каталогизации PSBO
801 _1 a Страна RU
b Организация РГУП
c Дата составления 20180924
g Правила каталогизации PSBO
901 t Тип документа b
w Контрольный № источника 6a2ac82ed1b04df9acac32d8ca2f91ee
905 a Дата ввода 20180924